000 00481nam a22001817a 4500
999 _c190384
_d190384
005 20220722161910.0
010 _aENG-133881
020 _c200.00
_a8189431234
035 _aEN-117413
037 _bDBAD/PUB
082 _a882
100 _aDev, Amal. C.
245 _aRebellious Rivulet/
_cAmal. C. Dev
260 _aAjmer
_bATIN Publications
_c2012
270 _bAjmer
_a59, Shastri Nagar
_e305001
300 _a94p.
_c21cm(hb)
942 _2ddc
_cEN
_h882
_mDEV